El Nacimiento, las formas organizativas y la extinción del estado en el derecho internacional público. La doctrina

Un trabajo dirigido a investigar la génesis de la relación estado-derecho internacional público y sus consecuencias respecto a la comunidad jurídica internacional. Se trata de expresar una concepción que muestre el concepto del estado en tanto sujeto principal del derecho internacional público. Inte...

ver descrição completa

Detalhes bibliográficos
Autor principal: Estrella Vázquez, Juan Fernando
Formato: Thesis Livro
Idioma:Spanish
Assuntos:

MARC

LEADER 00000cam a2200000 a 4500
001 TDI-57
005 20230308193325.0
008 001071|2000 ||||||||r|||||||||||spa||
040 |b spa 
041 1 |a spa 
100 1 |a Estrella Vázquez, Juan Fernando  |9 141211 
245 |a El Nacimiento, las formas organizativas y la extinción del estado en el derecho internacional público. La doctrina  |c Juan Fernando Estrella Vázquez. Director Raúl Andrade Zea  |h dact 
264 |a Cuenca  |c 2000 
300 |a 209 páginas:  |c 30 cm 
502 |a Abogado de los Tribunales de Justicia de la República y Licenciado en Ciencias Políticas y Sociales  |b Universidad de Cuenca  |c jur  |d Andrade Zea, Raúl, dir.  |e Derecho 
520 3 |a Un trabajo dirigido a investigar la génesis de la relación estado-derecho internacional público y sus consecuencias respecto a la comunidad jurídica internacional. Se trata de expresar una concepción que muestre el concepto del estado en tanto sujeto principal del derecho internacional público. Intenta esclarecer el verdadero sentido y significado de la soberanía y aclarar su papel en las relaciones internacionales contemporáneas. Dilucida la diferencia del surgimiento del estado en lo político y en lo jurídico-internacional. Analiza nuevas concepciones relativas a los elementos del estado. Propone una visión innovadora crítica diferente a la convencional adquisición de territorios por vías oriniarias y derivativas. Resume y explica por qué solo ciertos tipos de organización estatal competen al derecho internacional. Recoge y expone los contenidos y evoluciones más revolucionarios en esta rama jurídica concentrándose en la descolonización y la libre disposición. Se cierra el trabajo con las consecuencias que muestra la aparición, modificación y extinción de estados en el derecho internacional privado 
650 1 |a Relaciones internacionales  |9 7517 
650 1 |a Comunidad juridica internacional  |9 17932 
650 |a Tesis en derecho  |9 1232 
650 4 |a Derecho internacional  |9 1507 
852 |a UC-CDJBV  |c CUARTO PISO (SECCION TESIS)  |f Donación  |k alicia.criollo  |l 1  |m Limitada  |p 20010719  |t TDI-57  |b 1  |d CDRC  |e CDRC  |g  CUARTO PISO (SECCION TESIS)  |z 2001-10-71 
942 |c TS 
999 |c 82721  |d 82721